2 codes de pays = 1 ville - Statistiques

Statistiques générales
  • Ce quiz a été pris 15 fois
  • Le résultat moyen est 6 sur 12
Statistiques - réponses
Hint Réponse % Correct
Liechtenstein/Maroc Lima
93%
Islande/Syrie Issy
80%
Roumanie/Monténégro Rome
80%
Grèce/Azerbaïdjan Graz
73%
Albanie/Burundi Albi
67%
Colombie/Monténégro Côme
53%
Australie/Suisse Auch
47%
Monténégro/Tanzanie Metz
33%
Irlande/Namibie Iena
27%
Ouzbékistan/Espagne Uzès
27%
Oman/Slovaquie Omsk
20%
Antigua-et-Barbuda Agde
0%
Aucun quiz correspondant
Distribution des résultats
% des personnes avec chaque résultat
Percentile par nombre de réponses
Votre historique - résultats
Vous n’avez pas pris ce quiz